000 00813nac a22001571u 4500
008 090317t xxu||||| |||| 00| 0 ara d
020 _a995922113x
082 _a331.10956
_bق و ي
100 1 _aقويدر ، إبراهيم
_920303
245 _aتنمية الموارد البشرية العربية وسياسات خلق فرص عمل جديدة /
_cإبراهيم قويدر
260 _a[القاهرة] :
_bمطابع جامعة الدول العربية ،[د.ت]
_c[د.ت]
300 _a175 ص ؛
_c20 سم.
650 _aالقوى العاملة
_921731
_zالعالم العربي
942 _cBB
_k331.10956ق و ي
_2ddc
999 _c6646
_d6646